Представление документа в формате MARC21

Поле Инд. ПП Название Значение
Тип записи a
Библиографический уровень m
001 _ Контрольный номер RU/URAIT/473816
005 _ Дата корректировки 20250915104108.7
008 Кодируемые данные 170922s2021 RU y f j 000 0 rus u
020 a ISBN 978-5-534-05598-6
c Цена, тираж 529.00
040 a Служба первич. каталог. ИКО Юрайт
c Служба, преобразующая запись ИКО Юрайт
e Правила каталог. RCR
041 a Код языка текста rus
044 a Код страны публикации RU
080 a Индекс УДК 340(075.8)
084 2 Источник индекса rubbk
a Индекс другой классификации/Индекс ББК 67я73
100 1_ a Автор Шаблова Елена Геннадьевна
q Полное имя Елена Геннадьевна
245 a Заглавие Правоведение
b Продолж. заглавия Учебное пособие для вузов
c Ответственность Шаблова Е. Г., Жевняк О. В., Шишулина Т. П. ; под общ. ред. Шабловой Е.Г.
256 a Характеристики компьютерного файла Электрон. дан.
260 a Место издания Москва
b Издательство Юрайт
c Дата издания 2021
300 a Объем 192 с
440 a Серия Высшее образование
500 a Примечание URL: https://urait.ru/bcode/473816 (дата обращения: 23.11.2021).
520 a Аннотация Настоящее пособие посвящено теории государства и права, отдельным основным отраслям российского права и законодательства и содержит теоретическое изложение учебного материала, контрольные вопросы по каждой теме, а также перечень рекомендуемой литературы.
538 a Прим. о системных особенностях Режим доступа: Электронно-библиотечная система Юрайт, для авториз. пользователей
653 a Ключевые слова Основы государства и права. Теория государства и права
653 a Ключевые слова Право. Юриспруденция.
653 a Ключевые слова Основы права
653 a Ключевые слова Правоведение
653 a Ключевые слова Право
653 a Ключевые слова Основы теории права
653 a Ключевые слова Правовое обеспечение профессиональной деятельности
653 a Ключевые слова Основы правоведения
700 1_ a Другие авторы Жевняк Оксана Викторовна
q Полное имя Оксана Викторовна
700 1_ a Другие авторы Шишулина Татьяна Петровна
q Полное имя Татьяна Петровна
856 40 u URL https://urait.ru/bcode/473816
x Примечание для ЭОР https://urait.ru/book/cover/8CB55E77-7279-44D1-A45B-F9A405778048
z Примечание для пользователя Участвует в КО
856 41 u URL https://urait.ru/book/cover/8CB55E77-7279-44D1-A45B-F9A405778048